LEADER 01198cam2 22003011 450 001 SOBE00019632 005 20160215145919.0 100 $a20111116d1821 |||||ita|0103 ba 101 $alat 102 $aIT 200 0 $a1 210 $aAugustae Taurinorum$cex typis Iosephi Pomba$d1821 215 $aCIV, 293, [94] p.$c[1] c. di tav. $d25 cm 225 2 $aCollectio latinorum scriptorum cum notis 410 1$1001SOBE00019441$12001 $a*Collectio latinorum scriptorum cum notis 461 1$1001SOBE00019630$12001 $a<>Carmina quae exstant omnia / ex recensione F. Wunderlichii cum notis G. Heyne. tomus primus [-secundus] 700 1$aTibullus$b, Albius$3A600200032816$4070$0161758 702 1$aWunderlich, Friedrich$3SOBA00001600$4070 702 1$aHeyne, Christian Gottlob$3SOBA00001599$4070 801 0$aIT$bUNISOB$c20160215$gRICA 850 $aUNISOB 852 $aUNISOB$j090|Coll|1|K$m2855 912 $aSOBE00019632 940 $aM 103 Monografia antica SBN 941 $aW 957 $a090|Coll|1|K$b000006$i-1$fConsultabile previa autorizzazione$gNO$d2855$1bethb$2UNISOB$3UNISOB$420111116110444.0$520120404130102.0$6bethb 996 $a1$91720145 997 $aUNISOB LEADER 02235nam--2200673---4500 001 990000009390203316 005 20080227095509.0 035 $a0000939 035 $aUSA010000939 035 $a(ALEPH)000000939USA01 035 $a0000939 100 $a20000914a20059999km-y0ITAy0103----ba 101 $aeng 102 $aLU 110 $aayyz---|||| 200 1 $aClimate change$fEuropean Commission 205 $aAugust 2005 210 $aLuxembourg$cOffice for official publications of the European Communities$d2005 215 $a4 p.$cill.$d30 cm 225 2 $aEnvironment fact sheet 410 0$12001$aEnvironment fact sheet 606 0 $aClima$xVariazioni$xValutazione$yPaesi della Comunità europea 676 $a363.7392094 699 $a16.04$bPolitica ambientale 712 02$aCommissione europea 801 0$aIT$bsalbc$gISBD 912 $a990000009390203316 951 $aCDE 16.04 (XXXII)$bCDE 939$cCDE 16.04$d00150055 959 $aBK 969 $aCDE 979 $c20000914$lUSA01$h1706 979 $c20000919$lUSA01$h1046 979 $c20000919$lUSA01$h1519 979 $c20001019$lUSA01$h1053 979 $c20001019$lUSA01$h1450 979 $c20001019$lUSA01$h1458 979 $c20001019$lUSA01$h1535 979 $c20001024$lUSA01$h1511 979 $c20001027$lUSA01$h1520 979 $c20001110$lUSA01$h1708 979 $c20001124$lUSA01$h1204 979 $c20020403$lUSA01$h1608 979 $aPATRY$b90$c20040406$lUSA01$h1602 979 $aPATRY$b90$c20060718$lUSA01$h1715 979 $aPATRY$b90$c20060718$lUSA01$h1717 979 $aPATRY$b90$c20060718$lUSA01$h1719 979 $aMARIAS$b90$c20080220$lUSA01$h1120 979 $aMARIAS$b90$c20080221$lUSA01$h1130 979 $aMARIAS$b90$c20080221$lUSA01$h1150 979 $aMARIAS$b90$c20080221$lUSA01$h1321 979 $aMARIAS$b90$c20080221$lUSA01$h1423 979 $aMARIAS$b90$c20080222$lUSA01$h0905 979 $aMARIAS$b90$c20080227$lUSA01$h0955 979 $aMARIAS$b90$c20080703$lUSA01$h1023 979 $aMARIAS$b90$c20080703$lUSA01$h1027 979 $aMARIAS$b90$c20080703$lUSA01$h1031 979 $aBATCH-UPD$b90$c20111212$lUSA01$h1713 996 $aClimate change$9250420 997 $aUNISA